000 nam a22 7a 4500
999 _c8055
_d8055
008 171125b xxu||||| |||| 00| 0 eng d
100 _aCrocker, Betty
_94504
245 _aCooking Basics
_bReciupies and Tips to cook with Confidence
260 _aChina
_bCook Books
_c2008